000 00533nam a22001817a 4500
999 _c5586
_d5586
003 AR-CdUCM
008 190312b ||||| |||| 00| 0 spa d
040 _aMUNICIPALIDAD PROVINCIAL DEL CUSCO
_cBIBLIOTECA MUNICIPAL DEL CUSCO
082 _a869.5 /
_bH43
100 _aHernandez Avila, Antonio
_916717
245 _aTristeza :
_bpoemas... rimas... sonetos... /
260 _aCusco :
_bGutenberg,
_c1966.
300 _a98 páginas ;
_c17 cm.
650 _aPoesía
_9139
650 _aSiglo XX
_98
942 _2ddc
_cLIBROS
945 _azta